[Event "Salamanca Festival Masters 2018"]
[Site "Salamanca"]
[Date "2018.10.24"]
[Round "1"]
[White "Topalov, Veselin"]
[Black "Atalik, Ekaterina"]
[Result "1-0"]
[WhiteElo "2699"]
[BlackElo "2420"]
[Annotator "TA"]
[PlyCount "79"]
[EventDate "2018.10.24"]
[EventType "tourn"]
[EventCountry "ESP"]
[SourceTitle "playchess.com"]
[Source "ChessBase"]
[SourceQuality "1"]

{[%evp 18,79,15,-4,95,106,125,121,129,137,136,118,121,118,128,128,131,143,127,132,187,187,192,194,199,200,215,217,270,245,264,208,248,244,304,318,319,314,338,324,313,327,340,276,283,245,225,232,447,365,374,363,368,351,483,379,543,509,499,506,704,677,832,824]} 1. Nf3 d5 2. d4 Nf6 3. c4 e6 4. Nc3 dxc4 5. e3 a6 6. Bxc4 b5 7. Bd3 Bb7 8. Qe2 {D26: Angenommenes Damengambit} Nbd7 (8... c5 9. dxc5 Bxc5 10. Bxb5+ Nbd7 11. Ba4 O-O 12. O-O Qc7 13. h3 Ne5 14. e4 Nxf3+ 15. Qxf3 {½-½ (16) Kasimdzhanov,R (2704)-Mamedyarov,S (2736) Berlin 2015}) 9. e4 c5 10. d5 {LiveBook: 4 Partien. Die Stellung ist ausgeglichen.} e5 $146 {[#]} (10... c4 $11 11. Bc2 Qb6) ({Vorgänger:} 10... c4 11. Bc2 e5 12. O-O Bd6 13. Nh4 g6 14. Nf3 O-O 15. Nd1 Nh5 16. g3 Nc5 17. Bh6 Re8 18. Ne3 Bc8 19. Rfd1 Bd7 20. Bg5 f6 21. Bh6 {0-1 (22) Popovic,Z (2328)-Boric,M (2389) Bihac 2016}) 11. b3 $1 $16 Rc8 12. O-O Be7 13. Bb2 O-O 14. Rac1 Qc7 15. Nd1 Ne8 16. Ne3 g6 17. a4 c4 18. bxc4 bxa4 (18... b4 $16 {ist eine bessere Verteidigung.}) 19. Ra1 $18 f6 20. Rxa4 Nc5 21. Ra2 Nd6 22. Nd2 a5 23. Rfa1 Ra8 24. Bc2 Ra7 25. Ba3 Rfa8 26. Bxc5 Qxc5 27. Nb3 Qc8 28. c5 ({Finger weg von} 28. Rxa5 Rxa5 29. Rxa5 Rxa5 $18) ({Schwächer ist} 28. Nxa5 Qc7 $16) 28... Ba6 29. Qe1 Nc4 30. d6 Bd8 31. Nxc4 Bxc4 32. Qc3 Qe6 $2 {[#]} (32... Bf7 {kämpft weiter.} 33. Bd3 a4) 33. Ra4 Bb5 34. Bd3 Bxd3 35. Qxd3 Rb8 36. Nd2 Kg7 (36... Rc8 $142 37. Rc4 Rd7) 37. Qd5 {Weiß steht klar auf Gewinn.} Qxd5 38. exd5 Rab7 39. c6 {[%cal Bc5c6,Bc6c7][%mdl 32]} Rb2 40. c7 {Precision: Weiß = 86%, Schwarz = 23%.} 1-0

[Event "Salamanca Festival Masters 2018"]
[Site "Salamanca"]
[Date "2018.10.24"]
[Round "1"]
[White "Matnadze, Ana"]
[Black "Skripchenko, Almira"]
[Result "1/2-1/2"]
[WhiteElo "2379"]
[BlackElo "2414"]
[Annotator "TA"]
[PlyCount "66"]
[EventDate "2018.10.24"]
[EventType "tourn"]
[EventCountry "ESP"]
[SourceTitle "playchess.com"]
[Source "ChessBase"]
[SourceQuality "1"]

{[%evp 19,66,8,32,7,15,0,0,0,15,-34,7,-99,-97,-104,-104,-101,-108,-97,-96,-95,-77,-83,-55,-85,-84,-77,-81,-90,-60,-56,-14,-41,-19,-22,-3,-24,0,0,0,0,20,13,20,20,20,20,20,0,0]} 1. Nf3 Nf6 2. g3 g6 3. Bg2 Bg7 4. O-O O-O 5. c4 d6 6. d4 Nc6 7. Nc3 e5 8. dxe5 dxe5 9. Bg5 Be6 10. Qa4 Qc8 {LiveBook: 24 Games. E62: King's Indian: Fianchetto: 6...c6 and Panno Variation (6...Nc6) without ...a6} 11. Rad1 (11. Rfd1 Nd7 12. Nd5 e4 13. Ne1 Nb6 14. Qb3 Bxd5 15. cxd5 Nd4 16. Qe3 Nc4 17. Qxe4 Re8 18. Rxd4 Rxe4 19. Rxe4 {0-1 (39) Georgiadis,N (2526)-Navara,D (2741) Biel 2018}) 11... Nd7 12. b3 $146 ({Predecessor:} 12. Nd5 e4 13. Nd2 h6 14. Qxc6 bxc6 15. Ne7+ Kh8 16. Nxc8 hxg5 17. Ne7 Rfe8 18. Nxc6 {1-0 (42) Pantsulaia,L (2615)-Onischuk,V (2629) Nakhchivan 2015}) 12... h6 {Strongly threatening ...e4.} 13. Be3 f5 14. Nd5 Nb6 15. Bxb6 (15. Qa3 $1 $11 {keeps the balance.}) 15... axb6 $17 16. Qxc6 bxc6 17. Ne7+ Kf7 18. Nxc8 Rfxc8 19. a4 Rd8 20. e4 f4 21. gxf4 exf4 22. e5 c5 23. h4 Rxd1 24. Rxd1 Re8 25. a5 bxa5 {aiming for ...Rb8.} 26. Ra1 Bg4 27. Rxa5 Bxf3 28. Bxf3 {The position is equal.} Rxe5 $11 {KRB-KRB} 29. Bd5+ Ke7 30. Rxc5 Kd7 31. Rc6 g5 32. Rg6 Bf8 33. hxg5 Rxg5+ {Precision: White = 65%, Black = 49%.} 1/2-1/2

[Event "Salamanca Festival Masters 2018"]
[Site "Salamanca"]
[Date "2018.10.24"]
[Round "1"]
[White "Santos Ruiz, Miguel"]
[Black "Karpov, Anatoly"]
[Result "1/2-1/2"]
[WhiteElo "2327"]
[BlackElo "2616"]
[Annotator "TA"]
[PlyCount "65"]
[EventDate "2018.10.24"]
[EventType "tourn"]
[EventCountry "ESP"]
[SourceTitle "playchess.com"]
[Source "ChessBase"]
[SourceQuality "1"]

{[%evp 20,65,42,35,53,42,37,31,58,30,50,10,19,1,11,-12,4,2,13,0,10,-8,0,0,0,0,41,29,44,18,28,36,17,10,12,17,16,16,16,0,11,0,19,0,0,0,0,0]} 1. d4 Nf6 2. c4 c6 3. Nf3 d5 4. e3 Bf5 5. Nc3 e6 6. Nh4 Bg6 7. Be2 {D12: Slav Defence: 3 Nf3 Nf6 4 e3 Bf5} (7. Bd2 Nbd7 8. Nxg6 hxg6 9. c5 e5 10. b4 Be7 11. b5 O-O 12. Qa4 Re8 13. bxc6 bxc6 14. Be2 exd4 15. exd4 Nxc5 16. dxc5 {0-1 (25) Bluebaum,M (2631)-Vitiugov,N (2735) Karlsruhe/Baden-Baden 2018}) 7... Nbd7 8. g3 Be7 9. O-O O-O 10. Nxg6 hxg6 11. b3 {LiveBook: 15 Games} Qa5 12. Bd2 Qc7 13. Qc2 Rac8 $146 ({Predecessor:} 13... dxc4 14. bxc4 e5 {1-0 (44) Dumitrache,D (2423)-Cau,B (2133) Avoine 2015}) 14. Rfd1 c5 15. dxc5 Nxc5 16. Be1 dxc4 17. Bxc4 a6 18. Qb2 Qe5 19. Rab1 {Nd5 is the strong threat.} Qf5 20. Be2 Rfd8 21. Rbc1 b5 22. b4 Nb7 23. a4 Nd6 24. axb5 axb5 25. Qb1 Qe5 26. f4 {The position is equal.} Qxe3+ 27. Bf2 Qxc3 $1 28. Rxc3 Rxc3 29. Bd4 Rcc8 30. Bb6 Rd7 31. Bc5 Nd5 {White must now prevent ...Nc3.} 32. Qb3 Nc4 33. Bxe7 {Precision: White = 44%, Black = 26%.} 1/2-1/2

[Event "Salamanca Festival Masters 2018"]
[Site "Salamanca"]
[Date "2018.10.24"]
[Round "1"]
[White "Calzetta, Mónica"]
[Black "Granda Zúñiga, Julio E"]
[Result "0-1"]
[WhiteElo "2235"]
[BlackElo "2641"]
[Annotator "TA"]
[PlyCount "57"]
[EventDate "2018.10.24"]
[EventType "tourn"]
[EventCountry "ESP"]
[SourceTitle "playchess.com"]
[Source "ChessBase"]
[SourceQuality "1"]

{[%evp 15,57,11,18,22,25,17,40,-4,0,-29,-25,-59,-63,-83,-75,-73,-83,-140,-83,-189,-126,-116,-94,-101,-111,-144,-87,-186,-158,-193,-192,-249,-117,-177,-197,-243,-241,-302,-241,-471,-463,-521,-510,-558]} 1. e4 c5 2. Nf3 e6 3. d4 cxd4 4. Nxd4 a6 5. Nc3 b5 6. Bd3 Bb7 7. O-O Ne7 8. Re1 Nbc6 {LiveBook: 6 Games. B43: Sicilian: Kan Variation: 5 Nc3} 9. Nb3 (9. Nxc6 Bxc6 10. Bg5 Qb8 11. e5 Qb7 12. Bxe7 Bxe7 13. Be4 O-O 14. Qd3 Bxe4 15. Nxe4 Rac8 16. Rad1 {½-½ (30) Panarin,M (2558)-Kamsky,G (2673) Sochi 2015}) 9... Ng6 10. f4 $146 ({Predecessor:} 10. Qh5 Be7 11. f4 O-O 12. Be3 Nb4 13. Rf1 Nxd3 14. cxd3 f5 15. Nd2 d5 16. exd5 {0-1 (24) Tirard,H (2444)-Palac,M (2565) Cutro 2004}) 10... Be7 {The position is equal.} 11. e5 O-O 12. Ne4 Nb4 13. a4 Qc7 14. axb5 axb5 15. Rxa8 Rxa8 16. Kh1 (16. Be3 $142) 16... Bd5 (16... Nxd3 $142 17. Qxd3 Ra4) 17. Nd4 (17. Nc3 $17 {is the only way for White.}) 17... Nxd3 (17... Ra1 $19 {...Nxf4! is the strong threat.} 18. Qd2 Qb6) 18. cxd3 $17 b4 19. Bd2 Qb7 20. Nf3 Qa6 (20... Ra2 $142 21. Bc1 Nh4) 21. Bc1 (21. Qe2 $17) 21... Rc8 22. Qe2 h6 23. g3 (23. Be3 {was called for.}) 23... Qa8 (23... f5 $19 {has better winning chances.} 24. exf6 gxf6) 24. h4 (24. Kg1 $17 {was necessary.}) 24... Bd8 $19 25. h5 Ne7 26. Kh2 b3 27. Bd2 $2 {[#]} (27. Qd1 {keeps fighting.}) 27... Rc2 28. Rb1 Nc6 29. Qd1 {Precision: White = 17%, Black = 61%.} 0-1

[Event "Salamanca Festival Masters 2018"]
[Site "Salamanca"]
[Date "2018.10.24"]
[Round "2"]
[White "Karpov, Anatoly"]
[Black "Granda Zúñiga, Julio E"]
[Result "0-1"]
[WhiteElo "2616"]
[BlackElo "2641"]
[Annotator "TA"]
[PlyCount "118"]
[EventDate "2018.10.24"]
[EventType "tourn"]
[EventCountry "ESP"]
[SourceTitle "playchess.com"]
[Source "ChessBase"]
[SourceQuality "1"]

{[%evp 18,118,17,0,22,14,16,15,14,16,10,33,45,40,49,51,59,59,61,51,60,58,65,72,72,18,18,20,15,11,17,5,5,5,5,5,12,5,12,5,27,0,0,0,0,0,0,0,0,0,37,0,0,0,6,0,0,0,2,0,0,0,0,0,0,0,0,0,0,0,0,-75,-72,-192,0,0,29975,29976,6464,383,679,670,666,658,29966,29967,12787,-29980,-29981,-29981,-29982,-29982,-29983,-29983,-29984,-29984,-29985,-29985,-29986,-29986,-29987,-29989,-29988]} 1. d4 Nf6 2. c4 e6 3. Nf3 b6 4. g3 Bb7 5. Bg2 Be7 6. Nc3 Ne4 7. Bd2 d5 8. cxd5 {E17: Queen's Indian: 4 g3 Bb7 5 Bg2 Be7} exd5 9. Qa4+ (9. O-O O-O 10. Rc1 Nd7 11. Bf4 c5 12. Nd2 Nxc3 13. bxc3 Rc8 14. Re1 Re8 15. e4 cxd4 16. cxd4 Rxc1 17. Qxc1 Nf8 18. e5 Qd7 19. Qb1 Rc8 {½-½ (61) Giri,A (2737)-Fressinet,L (2708) Elancourt 2013 CBM 157 [Krasenkow,M]}) 9... Qd7 10. Qc2 {LiveBook: 10 Games. Threatening Ne5.The position is equal.} Nxc3 11. Qxc3 Na6 $146 ({Predecessor:} 11... Nc6 12. O-O O-O 13. Bf4 Bf6 14. e3 Rac8 15. Rfd1 Rfe8 {1-0 (43) Ribli,Z (2620)-Lehmann,K (2340) Germany 1988}) 12. Ne5 Qe6 13. Nd3 O-O 14. b4 c6 15. O-O Bf6 16. e3 Rfc8 17. Qb3 Nc7 18. a4 Ba6 19. Nf4 Qd7 20. Rfc1 Ne6 {[#]} 21. b5 (21. Bh3 $1 $16) 21... Nxf4 $11 22. gxf4 Bb7 23. bxc6 Rxc6 24. Rxc6 Bxc6 25. a5 bxa5 26. Bxa5 Be7 27. Rc1 Rc8 28. h3 Bf8 (28... g6 {keeps more tension.} 29. Bd2 Kg7 30. Ra1 Kh8 31. Ra5 Bd8) 29. Rc3 Bb7 30. Bb4 Rxc3 31. Qxc3 Qc6 32. Qa3 Bxb4 33. Qxb4 Qc7 34. Qb3 (34. Qb5 {is more complex.} Bc6 35. Qc5 Qd7 36. Bf3 g6 37. Bg4) 34... Qd7 35. Qa3 Bc6 36. Qc5 g6 37. Kh2 Kg7 38. Kg3 h5 39. Bf3 a6 40. f5 h4+ 41. Kxh4 {Threatens to win with fxg6.} Qxf5 42. Kg3 $1 Qd7 43. h4 Bb7 44. h5 {[#]} (44. Bg4 $11 Qd8 45. Qa7 Qc7+ 46. Kg2) 44... gxh5 $1 $17 45. Bxh5 (45. Bg2 $17) 45... Qe6 $2 (45... Bc8 $19 {( -> ...Qh3+)} 46. e4 Qh3+ 47. Kf4 Qxh5 48. Qxc8 Qh4+ 49. Kf3 (49. Qg4+ $2 Qxg4+ 50. Kxg4 a5 $19) 49... Qxe4+ 50. Kg3 Qxd4) 46. Qc7 Qc6 $2 {[%mdl 8192]} (46... Bc8 $11 47. Kg2 Qh3+ 48. Kg1 Qxh5 49. Qxc8 a5) 47. Qxf7+ Kh6 48. Kh4 $2 (48. Bg4 {White threatens Bf5 and mate.} Bc8 49. Qf8+ Kh7 50. Bxc8 Qg6+ 51. Bg4) 48... Qd6 $2 (48... Bc8 49. Qf8+ Kh7 50. Qe7+ Kh8) 49. f4 $18 ({Weaker is} 49. Qxb7 Qh2+ 50. Kg4 Qxh5+ 51. Kf4 Qg5+ 52. Kf3 Qf5+ 53. Ke2 Qc2+ 54. Kf1 Qd1+ 55. Kg2 Qg4+ 56. Kf1 (56. Kh2 Qh5+ 57. Kg3 Qg6+ 58. Kh3 Qh5+ 59. Kg3 Qg5+ 60. Kh2 Qh5+ 61. Kg2 Qg4+ 62. Kf1 Qd1+ 63. Kg2 Qg4+ $11) 56... Qd1+ 57. Kg2 Qg4+ 58. Kh2 Qh4+ 59. Kg1 Qg4+ 60. Kf1 Qd1+ $11) 49... Bc8 50. Bg4 Bxg4 51. Kxg4 {[%mdl 4096] Endgame KQ-KQ} a5 52. Qg8 $4 {[%mdl 8192]} (52. f5 $18 Qa6 53. Qf8+ Kh7 54. Kg5) 52... Qg6+ {Black mates.} 53. Qxg6+ Kxg6 54. e4 dxe4 {KPP-KPP} 55. d5 Kf6 56. f5 a4 {[%cal Ba5a4,Ba4a3,Ba3a2][%mdl 32]} 57. d6 a3 58. d7 Ke7 59. Kg5 a2 {Precision: White = 47%, Black = 60%.} 0-1

[Event "Salamanca Festival Masters 2018"]
[Site "Salamanca"]
[Date "2018.10.24"]
[Round "2"]
[White "Atalik, Ekaterina"]
[Black "Matnadze, Ana"]
[Result "0-1"]
[WhiteElo "2420"]
[BlackElo "2379"]
[Annotator "TA"]
[PlyCount "130"]
[EventDate "2018.10.24"]
[EventType "tourn"]
[EventCountry "ESP"]
[SourceTitle "playchess.com"]
[Source "ChessBase"]
[SourceQuality "1"]

{[%evp 27,130,26,27,12,42,28,41,38,59,51,64,53,83,77,110,95,99,112,88,92,107,88,88,88,107,98,97,92,109,106,114,107,106,26,10,10,10,8,10,10,10,10,12,0,4,4,11,11,19,11,11,11,12,12,16,26,26,20,35,28,47,4,31,0,0,0,0,0,0,0,0,0,0,0,0,0,0,-222,0,-331,-337,-329,-322,-321,-317,-314,-304,-360,-356,-568,-541,-462,-448,-814,-218,-532,-497,-891,-891,-29980,-849,-29986,-29987,-29986,-29973]} 1. d4 Nf6 2. c4 e6 3. Nc3 d5 4. Nf3 c6 5. g3 Be7 6. Bg2 O-O 7. O-O b6 8. b3 Bb7 9. Bb2 Nbd7 10. Qc2 Rc8 11. e4 dxe4 12. Nxe4 Nxe4 13. Qxe4 Nf6 {E09: Katalanisch} 14. Qc2 c5 {LiveBook: 18 Partien} 15. Rfd1 (15. Rad1 cxd4 16. Rxd4 Qc7 17. Rfd1 Rfd8 18. Qe2 h6 19. Ne5 Rxd4 20. Rxd4 Bxg2 21. Kxg2 {1-0 (69) Mamedyarov,S (2772)-Vitiugov,N (2731) Sochi 2017}) 15... Be4 $146 {Die Stellung ist ausgeglichen.} ({Vorgänger:} 15... Qc7 16. dxc5 bxc5 17. Be5 Qb6 18. Ng5 g6 19. Ne4 Nxe4 20. Bxe4 Rfd8 21. Bb2 Bc6 {½-½ (64) Zaremba,A (2245)-Strenzwilk,D (2195) Kona 1998}) 16. Qe2 Qc7 17. dxc5 bxc5 18. Ne5 Bxg2 19. Kxg2 Qb7+ 20. Qf3 Rc7 21. Qxb7 Rxb7 22. Nc6 Rc8 23. Nxe7+ Rxe7 24. Bxf6 gxf6 $16 {[%mdl 4096] Endspiel KTT-KTT} 25. Rd6 Kf8 26. Rad1 Ke8 27. Kf3 Rb7 28. Kg4 Ke7 29. Kh5 f5 30. f4 (30. h3 $16) 30... Rg8 $11 31. Kh4 Rc7 32. Ra6 Kf6 33. Rdd6 Rgc8 34. Ra5 Rb8 35. Rda6 Ra8 36. Kh3 Ke7 37. Kg2 Kf6 38. Kf3 Ke7 39. Ke3 Kf6 40. Rd6 h5 41. Raa6 Rac8 42. Kf3 Kg6 43. Rd2 Kf6 44. Rad6 Ke7 45. Kg2 h4 46. gxh4 Rg8+ 47. Kf3 Rh8 48. Kg3 Rcc8 49. Rd7+ Kf6 50. Rxa7 Rcg8+ 51. Kf3 $1 (51. Kh3 {führt zum Matt.} Rg4 52. Rxf7+ Kxf7 53. Rd7+ Kf6 54. Rf7+ Kxf7 55. a4 Rhxh4#) 51... Rxh4 52. Rg2 $2 {[#]} (52. Rf2 $11 {und Weiss muss sich keine Sorgen machen.}) 52... Rd8 $2 ({Lieber} 52... Rxf4+ $1 $19 53. Kxf4 Rxg2) 53. Re2 $2 {[%mdl 8192]} (53. Kg3 $1 $11 Rg4+ 54. Kf3 Rd3+ 55. Ke2) 53... Rd3+ $19 54. Kg2 Rg4+ ({Schwächer ist} 54... Rxf4 55. Rf2 $17) 55. Kf1 Rd1+ ({Nicht} 55... Rxf4+ 56. Rf2 $17) 56. Kf2 Rxf4+ 57. Ke3 Rff1 {( -> ...f4+)} 58. Rd2 (58. Rf2 {einziger Zug.} Rxf2 59. Kxf2) 58... Rde1+ 59. Kd3 f4 {[%cal Bf5f4,Bf4f3,Bf3f2][%mdl 32]} 60. a4 (60. Rg2 $142 Re3+ 61. Kd2) 60... Rf3+ 61. Kc2 Rfe3 62. a5 (62. Rad7 $142 e5 63. R2d6+ Kg7 64. Rd2) 62... f3 63. a6 Ra1 (63... R3e2 $142 64. Rxe2 Rxe2+ 65. Kd1 Re5 66. Rd7 f2 67. Kc2 f1=Q 68. Rd1 Re2+ 69. Rd2 Qf5+ 70. Kd1 Re3 71. Kc1 Rxb3 72. Rd7 Rb1+ 73. Kd2 Rb2+ 74. Ke3 Rf2 75. Rxf7+ Kxf7 76. h4 Qf3#) 64. Ra8 Ra2+ 65. Kd1 {[#]} f2 $1 {[%mdl 512] Precision: Weiß = 53%, Schwarz = 65%.} 0-1

[Event "Salamanca Festival Masters 2018"]
[Site "Salamanca"]
[Date "2018.10.24"]
[Round "2"]
[White "Skripchenko, Almira"]
[Black "Calzetta, Mónica"]
[Result "1-0"]
[WhiteElo "2414"]
[BlackElo "2235"]
[Annotator "TA"]
[PlyCount "72"]
[EventDate "2018.10.24"]
[EventType "tourn"]
[EventCountry "ESP"]
[SourceTitle "playchess.com"]
[Source "ChessBase"]
[SourceQuality "1"]

{[%evp 10,72,10,9,30,10,0,4,20,-21,13,-16,12,-18,-10,-16,-20,-17,-22,-27,41,8,4,12,62,57,68,68,68,20,34,23,135,93,143,89,105,33,71,55,102,59,71,67,73,78,73,52,55,50,65,38,62,54,85,73,73,87,186,180,490,463,433,339,662]} 1. e4 c5 2. Nf3 Nc6 3. Bb5 g6 4. c3 Qa5 (4... Bg7 5. d4 cxd4 6. cxd4 Nf6 7. Nc3 d5 8. Ne5 O-O 9. Nxc6 bxc6 10. Bxc6 Rb8 11. e5 Ne4 12. O-O Nxc3 13. bxc3 Ba6 14. Re1 {1-0 (68) Mamedov,R (2650)-Li,C (2751) Huaian 2016}) 5. Bc4 Bg7 6. O-O {LiveBook: 5 Games. B31: Sicilian: 2...Nc6 3 Bb5 g6} b5 7. Bb3 c4 8. Bc2 {The position is equal.} Nf6 9. h3 $146 ({Predecessor:} 9. d4 cxd3 10. Qxd3 O-O 11. Be3 b4 12. Re1 Ng4 13. Nd4 Nce5 14. Qb5 Qxb5 15. Nxb5 Nxe3 16. fxe3 Nc4 {1-0 (16) Bowen,L-Saint,A Hervey Bay 1999}) 9... O-O 10. Re1 d6 11. Na3 {[%cal Bb1a3,Ba3c2,Bc2b4][%mdl 32]} Bb7 12. d4 cxd3 $1 13. Bxd3 a6 14. Nc2 Rac8 ({Black should play} 14... Ne5 $11) 15. Bd2 Qc7 16. a4 Ne5 17. Nxe5 dxe5 18. axb5 axb5 19. Nb4 ({Much weaker is} 19. Bxb5 Nxe4 20. Be3 Nd6 $11) 19... Rfd8 20. Qc2 Qd6 (20... Bf8 $11) 21. Rad1 h6 22. Qb1 (22. Be3 $142) 22... Qb8 $16 23. Bc2 (23. f3 $16) 23... Qa8 24. f3 Nh5 25. Bb3 e6 26. Be3 Nf4 27. Kh2 g5 28. Bb6 Rxd1 29. Qxd1 Bf8 30. Qd7 Bxb4 31. cxb4 Qa6 32. Bc5 Bc6 33. Qd6 Qa8 {[#]} (33... Qb7 $16) 34. Rd1 $1 $18 Bxe4 $2 (34... Qb8 {is a better chance.} 35. Qe7 Kg7) 35. fxe4 Qxe4 {[%csl Gf4][%cal Re4g2]} 36. Qd2 Nxh3 $2 {Precision: White = 31%, Black = 36%.} (36... Ne2 37. Re1 Qf4+ 38. Qxf4 Nxf4 39. Rxe5 Rd8) 1-0

[Event "Salamanca Festival Masters 2018"]
[Site "Salamanca"]
[Date "2018.10.24"]
[Round "2"]
[White "Santos Ruiz, Miguel"]
[Black "Topalov, Veselin"]
[Result "1/2-1/2"]
[WhiteElo "2327"]
[BlackElo "2699"]
[Annotator "TA"]
[PlyCount "79"]
[EventDate "2018.10.24"]
[EventType "tourn"]
[EventCountry "ESP"]
[SourceTitle "playchess.com"]
[Source "ChessBase"]
[SourceQuality "1"]

{[%evp 19,79,33,35,25,49,14,29,0,7,0,7,1,12,-14,0,-12,-13,-15,-11,-12,0,0,0,0,0,-8,-8,-15,-7,-8,-7,-10,-8,-8,-3,-13,-15,-14,0,0,0,0,0,0,0,0,0,0,0,0,0,0,0,0,0,0,0,0,0,0,0,0]} 1. d4 d5 2. c4 c6 3. Nf3 Nf6 4. e3 a6 5. Nbd2 g6 (5... Bf5 6. Nh4 Be4 7. Qb3 Ra7 8. Nxe4 dxe4 9. Nf5 e6 10. Ng3 c5 11. dxc5 Nbd7 12. Qa4 Bxc5 13. Bd2 O-O {½-½ (31) Kovalyov,A (2643)-Erenburg,S (2550) Medellin 2017}) 6. Bd3 {D11: Slav Defence: 3 Nf3 sidelines and 3...Nf6 4 e3 Bg4} Bg7 7. Qc2 O-O 8. O-O Nbd7 9. b3 c5 10. Bb2 b6 {LiveBook: 3 Games} 11. Rac1 Bb7 12. Be2 $146 ({Predecessor:} 12. Rfd1 Qb8 13. a3 cxd4 14. exd4 {0-1 (64) Mazziotti Irigoyen,G (2324)-Real de Azua,E (2378) Argentina 2006}) 12... Rc8 13. Qb1 dxc4 {The position is equal.} 14. Nxc4 b5 15. Nce5 Nxe5 16. Nxe5 (16. dxe5 {looks sharper.} Ne4 17. Qc2 Qb6 18. Rfd1 Rfd8 19. Rxd8+ Qxd8 20. Bd3) 16... cxd4 17. Rxc8 Qxc8 18. Bxd4 Qa8 19. Nf3 Rc8 20. Qb2 Ne8 {[%cal Bf6e8,Be8g7,Bg7f5][%mdl 32]} 21. Bxg7 Nxg7 22. b4 Nf5 23. Rc1 Nd6 24. Rxc8+ Qxc8 25. Nd2 Bd5 26. a3 Qc6 27. Bf1 h5 28. Qe5 e6 29. h4 Bc4 30. Qc5 Qd5 31. Nxc4 bxc4 32. f3 Qd2 {[#] White must now prevent ...c3.} 33. Bxc4 Nxc4 34. Qc8+ $1 Kh7 35. Qxc4 Qxe3+ 36. Kh2 Qxa3 37. Qc7 Kg7 38. Qe5+ Kh7 39. Qc7 Kg7 40. Qe5+ {Precision: White = 70%, Black = 50%.} 1/2-1/2

[Event "Salamanca Festival Masters 2018"]
[Site "Salamanca"]
[Date "2018.10.25"]
[Round "3"]
[White "Topalov, Veselin"]
[Black "Karpov, Anatoly"]
[Result "1-0"]
[WhiteElo "2740"]
[BlackElo "2623"]
[Annotator "TA"]
[PlyCount "78"]
[EventDate "2018.10.24"]
[EventType "tourn"]
[EventCountry "ESP"]
[SourceTitle "playchess.com"]
[Source "ChessBase"]
[SourceQuality "1"]

{[%evp 23,78,19,137,129,121,130,127,133,132,130,119,110,118,116,77,48,34,27,66,59,22,12,11,0,8,13,17,17,17,31,36,42,46,56,81,78,139,131,150,18,18,0,18,19,20,22,18,0,0,-10,0,0,0,0,0,0,0]} 1. e4 e5 2. Nf3 Nc6 3. Bb5 a6 4. Ba4 Nf6 5. O-O Be7 6. Re1 b5 7. Bb3 d6 8. c3 O-O 9. h3 Bb7 10. d4 Re8 11. Nbd2 Bf8 12. a3 Nb8 {LiveBook: 18 Games} (12... g6 $11) 13. Ng5 $16 {C92: Closed Ruy Lopez: 9...Be6, Karpov and Flohr-Zaitsev Variations} (13. dxe5 dxe5 14. Ng5 Re7 15. Nxf7 Rxf7 16. Nf3 Qxd1 17. Rxd1 c5 18. Be6 Bxe4 19. Nxe5 Raa7 20. Bf4 Nc6 21. Nxf7 Rxf7 {1-0 (37) Anand,V (2767)-Abdusattorov,N (2516) chess.com INT 2018}) 13... Re7 14. Ndf3 Nbd7 {[#]} 15. Nxf7 $1 {White is better.} Rxf7 16. Ng5 d5 17. Nxf7 Kxf7 {[#]} 18. f4 $146 ({Predecessor:} 18. Bg5 c5 19. dxe5 Nxe5 20. f4 Nd3 21. Bxd5+ Bxd5 22. Qxd3 {1-0 (41) Kindermann,S (2530)-Dutreeuw,M (2400) Haifa 1989}) 18... exd4 19. e5 dxc3 20. bxc3 Kg8 21. exf6 Nxf6 22. Be3 c5 {[%cal Bc7c5,Bc5c4][%mdl 32]} 23. a4 b4 24. cxb4 c4 25. Bc2 {With the idea Rb1.} Bxb4 26. Re2 a5 27. Bd4 Ne4 28. Re3 Qd7 29. Qe2 {[%cal Rc2e4]} Rc8 (29... Qf7 $142) 30. Rd1 Qf7 31. Rf3 (31. Bxe4 $16 dxe4 32. Rg3) 31... Re8 $11 {[#] Threatens to win with ...Nc3.The position is equal.} 32. Re3 Qxf4 33. Bxe4 Rxe4 34. Rxe4 Qxe4 35. Qf2 Bc6 36. Qg3 {[%csl Gd4][%cal Rg3g7]} Qg6 37. Qc7 Bxa4 38. Rf1 h5 {And now ...Bc2 would win.} 39. Rf3 Bd6 {[%mdl 32768] Precision: White = 69%, Black = 53%. . Loss on Time!?} 1-0